00681nam a2200241 a 4500001001300000003000900013005001700022008004100039020001000080082001600090100002400106245001500130260003100145300000900176500003500185505002700220650002200247700002400269902000800293942000700301952011600308999001500424nice12345678IN_TiNIC20260116011415.0050524s1991 teha grp 000 0 ara  ac10000a892.73bAMI aAmili, Sk Bahauddin aAl-Kashkol aTehranbNo Publisherc1991 a648p aincludes index and biblioraphy2 a3 vols. bound together aArabic-Literature1 aAmili, Sk Bahauddin bSRS cBK 001040708StackRoom-aHMIbHMId2007-06-04g100.00l0o892.73 AMIp04736r2007-06-04v100.00w2005-05-24yBK c1258d1258